Deferred hope / (Record no. 81756)

MARC details
000 -LEADER
fixed length control field 00488nam a22001817a 4500
005 - DATE AND TIME OF LATEST TRANSACTION
control field 20140205114516.0
010 ## - LCCN (DPL NO)
LC control number ENG-109053
020 ## - INTERNATIONAL STANDARD BOOK NUMBER
International Standard Book Number 9788189331160
Terms of availability 350.00
035 ## - SYSTEM CONTROL NUMBER
System control number EN-92586
037 ## - SOURCE OF ACQUISITION
Source of stock number/acquisition DBAD/PUB
082 ## - DEWEY DECIMAL CLASSIFICATION NUMBER
Classification number S
100 ## - MAIN ENTRY--PERSONAL NAME
Personal name Gurcharan Singh
245 ## - TITLE STATEMENT
Title Deferred hope /
Statement of responsibility, etc by Gurcharan Singh
260 ## - PUBLICATION, DISTRIBUTION, ETC. (IMPRINT)
Place of publication, distribution, etc Chandigarh
Name of publisher, distributor, etc Enkay Enterprises
Date of publication, distribution, etc 2011
270 ## - ADDRESS
Address SCO 49-51, Basement, Sector 17C
City Chandigarh
Postal code 160017
300 ## - PHYSICAL DESCRIPTION
Extent 128p.
Dimensions 22cm(Hb)
942 ## - ADDED ENTRY ELEMENTS (KOHA)
Source of classification or shelving scheme Dewey Decimal Classification
Item type English Books
Call number suffix GUR
Classification part S
Holdings
Withdrawn status Lost status Not for loan Collection code Home library Current library Date acquired Source of acquisition Cost, normal purchase price Full call number Barcode Copy number Cost, replacement price Koha item type
    Not For Loan Fiction D.B.Act.Division D.B.Act.Division 09/01/2014 DBAD/PUB 350.00 S GUR EN-92586 1 350.00 English Books

© Delhi Public Library
Hit Counter
free hit counter